Meistgenutzte Soziale Netzwerke von Deutschen - Statistiken

Allgemein
  • Dieses Quiz wurde 150 mal gespielt
  • Das Durchschnittsergebnis liegt bei 6 aus 8
Antwortstatistiken
Nutzer in Prozent Soziale Netzwerke % Korrekt
58 Facebook
99%
57 Instagram
99%
15 X
83%
19 Snapchat
81%
40 TikTok
78%
63 Youtube
66%
22 Pinterest
25%
12 LinkedIn
24%
Keine übereinstimmenden Quizze gefunden
Verteilung der Resultate
Anzahl Personen mit jedem Resultat
Perzentil nach korrekt beantworteten Fragen
Ihre Resultats-Entwicklung
Sie haben dieses Quiz noch nicht gespielt